000 00710nam a22001817a 4500
999 _c14910
_d14910
003 OSt
082 _2631.587 JOS/GR
088 _aP 379
100 _aJOSEPH SUNNY
_aSUMAYYA ROSHAN P.K
_93973
245 _aGroundwater Flow and Particle Tracking Model for Nileshwar Basin Using Modflow
260 _aTavanur 2017
_bDepartment of Irrigation and Drainage Engineering
300 _a50
500 _aGroundwater Flow and Particle Tracking Model for Nileshwar Basin Using Modflow
520 _aGroundwater Flow and Particle Tracking Model for Nileshwar Basin Using Modflow
700 _aDr. Sasikala D (Guide)
_93514
856 _uhttps://drive.google.com/open?id=1nX4WzNsS-_26zqVBHnYp9sCR6bE6_4ZU
942 _cPR